000 00407nam a2200145Ia 4500
008 230711s9999||||xx |||||||||||||| ||und||
041 _aENG
082 _a4
_bRA-M
100 _aRafiquzzaman,Mohamed
245 0 _aMicroprocessors: Theory and Applications : Intel and Motorola
250 _a1st Ed.
260 _c1993
_aNew Delhi
_bPHI Learning Private Limited
650 _aComputer Engineering
942 _cBK
999 _c2515
_d2515